Turbulence phenomena: an introduction to the eddy transfer of momentum, mass, and heat, particularly at interfaces
Saved in:
| Hovedforfatter: | |
|---|---|
| Format: | Bog |
| Sprog: | engelsk |
| Udgivet: |
Nueva York
Academic Press
1972
|
| Fag: | |
| Tags: |
Tilføj Tag
Ingen Tags, Vær først til at tagge denne postø!
|
MARC
| LEADER | 00000nam a2200000 a 4500 | ||
|---|---|---|---|
| 001 | UCT4921 | ||
| 003 | CL-VaPUC | ||
| 008 | 961127e19720000US |||||||||||||||||eng|d | ||
| 082 | 0 | 4 | |a 532.517 |b DAV |2 21 |
| 100 | 0 | |a Davies, J. T |e author |9 374170 | |
| 245 | 1 | 0 | |a Turbulence phenomena: an introduction to the eddy transfer of momentum, mass, and heat, particularly at interfaces |
| 300 | |a 412 p | ||
| 942 | |c BK | ||
| 945 | |d 19961127 00:00:00 |a lriquelm | ||
| 260 | |a Nueva York |b Academic Press |c 1972 | ||
| 650 | 0 | |a Física |9 227844 | |
| 650 | 0 | |a Mecánica de fluidos |9 259464 | |
| 650 | 7 | |a FISICA DEL PLASMA |2 CL-VaPUC |9 324708 | |
| 650 | 7 | |a PRESION |2 CL-VaPUC |9 342426 | |
| 650 | 0 | |a Hidromecánica |9 348405 | |
| 650 | 0 | |a Materia |9 265041 | |
| 583 | |a last modification |c 19961127 00:00:00 |k Rodrigo Vera | ||
| 999 | |c 254004 |d 254002 | ||
| 952 | |0 0 |1 0 |4 0 |6 532_517000000000000_DAV_1972 |7 0 |8 A |9 275290 |a BIBCUR |b BIBCUR |d 2019-11-19 |i 2928639 |o 532.517 DAV 1972 |p 2928639 |r 2025-04-22 |w 2019-11-19 |y BK |k FIS | ||